[Event "London Mill Hill op U2200"]
[Site "London"]
[Date "2021.11.27"]
[Round "2"]
[White "Kumar, Sanjit S"]
[Black "Maganti, Lalit"]
[Result "1/2-1/2"]
[WhiteElo "1769"]
[BlackElo "1395"]
[PlyCount "113"]
[EventDate "2021.11.27"]
[EventType "swiss"]
[EventRounds "5"]
[EventCountry "ENG"]
[SourceTitle "EXT 2023"]
[Source "ChessBase"]
[SourceDate "2022.10.05"]
[SourceVersion "1"]
[SourceVersionDate "2022.10.05"]
[SourceQuality "1"]

1. d4 Nf6 2. c4 e6 3. Nc3 Bb4 4. Qc2 0-0 5. e4 Bxc3+ 6. bxc3 d5 7. e5 Ne4 8. Bd3 f5 9. exf6 Nxf6 10. Nf3 Nbd7 11. 0-0 b6 12. Bg5 h6 13. Bh4 Ba6 14. cxd5 Bxd3 15. Qxd3 exd5 16. Rfe1 c5 17. Ne5 Qc7 18. Rad1 cxd4 19. Qxd4 Nxe5 20. Rxe5 Rac8 21. Bxf6 Rxf6 22. Qxd5+ Kh8 23. Qd4 Qxc3 24. Re8+ Kh7 25. Qe4+ Rg6 26. Re6 Qc2 27. Re1 Qxe4 28. R6xe4 Rc2 29. a4 Rf6 30. f3 Ra2 31. Rd1 Rc6 32. h4 Rcc2 33. Rg4 Rd2 34. Rxd2 Rxd2 35. Re4 Ra2 36. Kh2 h5 37. Kh3 Kg6 38. g4 Ra3 39. gxh5+ Kxh5 40. Kg3 g6 41. Re7 g5 42. Rh7+ Kg6 43. Rxa7 gxh4+ 44. Kxh4 Rxf3 45. Ra6 Rf4+ 46. Kg3 Kg5 47. Ra8 Rh4 48. Kf3 Kf5 49. Ke3 Ke5 50. Kd3 Kd5 51. Kc3 Kd6 52. Rg8 Rh3+ 53. Kb4 Kc6 54. Rc8+ Kb7 55. Rc4 Rh5 56. Rf4 Rg5 57. Re4 1/2-1/2